Rostlinná výroba pro mechanizátory, meliorátory a zootechniky. 1

Hlavní autor: Petr, Jiří, 1931-2014
Jazyk: Čeština
Vydáno: Praha, 1971
Knihy
Uloženo v:
LEADER 00638nam a22001812a 4500
001 000409949
003 CZ BrMZK
005 19990305143423.0
007 ta
008 990305s1971 xr f cze d
040 |a BOA001  |b cze 
100 1 |a Petr, Jiří,  |d 1931-2014  |7 jk01092746 
245 1 0 |a Rostlinná výroba pro mechanizátory, meliorátory a zootechniky.  |n 1 
260 |a Praha,  |c 1971 
910 |a BOA001  |b 4-0661.648,1 
990 |a BK 
996 7 |b 2619773643  |c 4-0661.648,1  |l MZK  |r Sklad / do 1 hodiny  |n 2  |w 000409949  |u 000010  |a 1  |e BOA001  |j MZK50  |s A 
996 6 |b 2619787113  |c 4-0661.648,1  |l MZK  |r Sklad / do 1 hodiny  |n 0  |w 000409949  |u 000020  |a 1  |e BOA001  |j MZK50  |s P